| 000 | 01598nam0a22003131 4500 | ||
|---|---|---|---|
| 001 | rc\111538 | ||
| 005 | 20250612183056.0 | ||
| 035 | _a(NLR Aleph) 008782328 | ||
| 090 |
_a7990026 _c7990026 |
||
| 100 | _a20021216d1991 |||y0rusy50 ca | ||
| 101 | 0 | _arus | |
| 102 | _aRU | ||
| 105 | _aa ||||||||| | ||
| 200 | 1 |
_aСТАТИСТИЧЕСКИЙ синтез и анализ информационных систем _e[Метод. рекомендации] _fО-во "Знание" Украины, Респ. дом экон. и науч.-техн. пропаганды _g[Подгот. д. э. н. В.К. Маригодовым и к. т. н. А.М. Варфоломеевым] |
|
| 210 |
_aКиев _cРДЭНТП _d1991 |
||
| 215 |
_a24 с. _cил. _d20 |
||
| 225 | 1 | _aВ помощь лектору и специалисту | |
| 300 | _aНа обл. загл. сер.: В помощь лектору | ||
| 320 | _aБиблиогр.: с. 23-24 | ||
| 606 | 1 |
_aИнформационные системы _xАнализ _jМатериалы для докладов _2nlr_sh1 |
|
| 606 | 1 |
_aИнформационные системы _xСинтез статистический _jМатериалы для докладов _2nlr_sh1 |
|
| 702 | 1 |
_aМаригодов _bВ.К. _gВладимир Константинович _4570 |
|
| 712 | 0 | 2 |
_aУкраинский респ. дом экон. и науч.-техн. пропаганды _cКиев |
| 801 | 0 |
_aRU _bNLR _gpsbo |
|
| 801 | 1 |
_aRU _bELAR _2rusmarc |
|
| 801 | 2 |
_aRU _bNLR _c20050419 _2rusmarc |
|
| 852 |
_aNLR _j91-4/2135 |
||
| 942 | _cBOOK | ||
| 980 | _aNB | ||